Growth Trajectory of Gujarat: (Record no. 213952)

MARC details
000 -LEADER
fixed length control field 00599nam a22001937a 4500
005 - DATE AND TIME OF LATEST TRANSACTION
control field 20251217121043.0
010 ## - LCCN (DPL NO)
LC control number ENG-147365
020 ## - INTERNATIONAL STANDARD BOOK NUMBER
International Standard Book Number 9789389934830
Terms of availability 995.00
035 ## - SYSTEM CONTROL NUMBER
System control number EN-130897
037 ## - SOURCE OF ACQUISITION
Source of stock number/acquisition DBAD
082 ## - DEWEY DECIMAL CLASSIFICATION NUMBER
Classification number 303.6
Edition number 1
245 ## - TITLE STATEMENT
Title Growth Trajectory of Gujarat:
Remainder of title Public Policy Intervention/
Statement of responsibility, etc Edited By Forum Dave
250 ## - EDITION STATEMENT
Edition statement 1
260 ## - PUBLICATION, DISTRIBUTION, ETC. (IMPRINT)
Place of publication, distribution, etc New Delhi
Name of publisher, distributor, etc Allied Publishers Pvt Ltd.
Date of publication, distribution, etc 2025
270 ## - ADDRESS
Address A-104, Mayapuri, Phase-II
City New Delhi
Postal code 110064
300 ## - PHYSICAL DESCRIPTION
Extent xv, 358p.
Dimensions 24cm.(hb)
700 ## - ADDED ENTRY--PERSONAL NAME
Personal name Dave, Forum S.
Relator term Editor
9 (RLIN) 86124
942 ## - ADDED ENTRY ELEMENTS (KOHA)
Source of classification or shelving scheme Dewey Decimal Classification
Item type English Books
Classification part 303.6
Call number suffix GRO
Holdings
Withdrawn status Lost status Not for loan Collection code Home library Current library Date acquired Source of acquisition Cost, normal purchase price Full call number Barcode Copy number Cost, replacement price Koha item type
      Non-fiction Sarojini Nagar Sarojini Nagar 17/12/2025 Delivery of Books Act Division 995.00 303.6 GRO EN-130897 1 995.00 English Books

© Delhi Public Library
Hit Counter
free hit counter